[Event "12th IBM tournament"]
[Site "Amsterdam NED"]
[Date "1972.??.??"]
[Round "2"]
[White "Langeweg, Christian"]
[Black "Uhlmann, Wolfgang"]
[WhiteElo "2425"]
[BlackElo "2570"]
[Result "1/2-1/2"]
[EventDate "1972.??.??"]
[PlyCount "36"]

1.Nf3 Nf6 2.g3 d5 3.c4 c6 4.b3 Bg4 5.Bg2 g6 6.Bb2 Bg7 7.O-O O-O 8.d3 Bxf3 
9.Bxf3 Nbd7 10.Nd2 e6 11.b4 Qe7 12.a4 a6 13.Qb3 b5 14.axb5 axb5 15.c5 Rfc8
16.Ra2 Ne8 17.Rfa1 Rxa2 18.Rxa2 Nc7 1/2-1/2

[Event "12th IBM tournament"]
[Site "Amsterdam NED"]
[Date "1972.??.??"]
[Round "2"]
[White "Szabo, Laszlo"]
[Black "Padevsky, Nikola"]
[WhiteElo "2525"]
[BlackElo "2460"]
[Result "1-0"]
[EventDate "1972.??.??"]
[PlyCount "53"]

1.Nf3 Nf6 2.c4 e6 3.b3 d5 4.Bb2 Be7 5.g3 O-O 6.Bg2 c5 7.O-O Nc6 8.e3 b6 9.
Qe2 Bb7 10.Rd1 Qc7 11.Nc3 Rfd8 12.cxd5 Nxd5 13.Nxd5 Rxd5 14.d4 Rd7 15.dxc5
Bxc5 16.Ng5 Rxd1+ 17.Rxd1 h6 18.Ne4 Bf8 19.Nf6+ gxf6 20.Qg4+ Kh7 21.Be4+ 
f5 22.Bxf5+ exf5 23.Qxf5+ Kg8 24.Rd7 Qxd7 25.Qxd7 Rb8 26.Qg4+ Kh7 27.Qf5+ 
1-0

[Event "12th IBM tournament"]
[Site "Amsterdam NED"]
[Date "1972.??.??"]
[Round "3"]
[White "Robatsch, Karl"]
[Black "Malich, Burkhard"]
[WhiteElo "2460"]
[BlackElo "2450"]
[Result "1/2-1/2"]
[EventDate "1972.??.??"]
[PlyCount "42"]

1.e4 c5 2.Nf3 e6 3.d4 cxd4 4.Nxd4 Nf6 5.Nc3 d6 6.Be2 Be7 7.O-O O-O 8.f4 
Nc6 9.Be3 Bd7 10.Qe1 Nxd4 11.Bxd4 Bc6 12.Bd3 Qd7 13.Rd1 a6 14.Bxf6 Bxf6 
15.e5 Be7 16.f5 exf5 17.Bxf5 Qc7 18.Nd5 Bxd5 19.Rxd5 dxe5 20.Qxe5 Qb6+ 21.
Kh1 Bf6 1/2-1/2

[Event "12th IBM tournament"]
[Site "Amsterdam NED"]
[Date "1972.??.??"]
[Round "4"]
[White "Robatsch, Karl"]
[Black "Donner, Jan"]
[WhiteElo "2460"]
[BlackElo "2500"]
[Result "1/2-1/2"]
[EventDate "1972.??.??"]
[PlyCount "43"]

1.e4 c5 2.Nf3 d6 3.Nc3 a6 4.Be2 Nf6 5.O-O g6 6.d4 cxd4 7.Nxd4 Bg7 8.Be3 
O-O 9.Qd2 Nc6 10.Rad1 Bd7 11.f3 Rc8 12.Nxc6 Bxc6 13.Rfe1 Re8 14.Bd4 Qc7 
15.Bf1 b5 16.a3 Qb7 17.e5 dxe5 18.Bxe5 Nh5 19.Bxg7 Nxg7 20.Qf2 Rcd8 21.Na2
Qc7 22.c4 1/2-1/2

[Event "12th IBM tournament"]
[Site "Amsterdam NED"]
[Date "1972.??.??"]
[Round "5"]
[White "Ivkov, Borislav"]
[Black "Timman, Jan"]
[WhiteElo "2560"]
[BlackElo "2445"]
[Result "1/2-1/2"]
[EventDate "1972.??.??"]
[PlyCount "82"]

1.e4 c5 2.Nf3 d6 3.d4 cxd4 4.Nxd4 Nf6 5.Nc3 Nc6 6.Bg5 Bd7 7.Be2 a6 8.O-O 
e6 9.Qd2 Be7 10.Rad1 h6 11.Be3 b5 12.a3 Nxd4 13.Qxd4 e5 14.Qd3 O-O 15.f4 
Be6 16.fxe5 dxe5 17.Nd5 Bxd5 18.exd5 Bd6 19.Qf5 Qc8 20.Kh1 Qxf5 21.Rxf5 
Rac8 22.c3 Ne4 23.g4 g6 24.Rf3 Kg7 25.Rdf1 Be7 26.a4 bxa4 27.Bxa6 Rb8 28.
Bd3 Nd6 29.Rh3 Bg5 30.Bc5 Rfd8 31.Ba3 e4 32.Bxd6 Rxd6 33.Bxe4 Rxb2 34.c4 
Ra6 35.Rhf3 Bf6 36.c5 a3 37.d6 a2 38.Rxf6 a1=Q 39.Rxf7+ Kg8 40.Rf8+ Kg7 
41.Rf7+ Kg8 1/2-1/2

[Event "12th IBM tournament"]
[Site "Amsterdam NED"]
[Date "1972.??.??"]
[Round "5"]
[White "Langeweg, Christian"]
[Black "Ljubojevic, Ljubomir"]
[WhiteElo "2425"]
[BlackElo "2510"]
[Result "1-0"]
[EventDate "1972.??.??"]
[PlyCount "79"]

1.Nf3 Nf6 2.g3 b5 3.Bg2 Bb7 4.d4 e6 5.c3 c5 6.O-O Qb6 7.a4 b4 8.Nbd2 cxd4 
9.a5 Qb5 10.Nxd4 Qa6 11.e4 Qd3 12.Re1 bxc3 13.bxc3 Qxc3 14.N2b3 a6 15.Bf4 
Nc6 16.Bd2 Qb2 17.Rb1 Qa3 18.Nc2 Qa4 19.e5 Nd5 20.Re4 Qa2 21.Qc1 f5 22.
exf6 Nxf6 23.Rb2 Ba3 24.Rxa2 Bxc1 25.Bxc1 Nxe4 26.Bxe4 d5 27.Bg2 O-O 28.
Nc5 Bc8 29.Bf4 Rf7 30.Bd6 h6 31.f4 g5 32.Kf2 Kg7 33.Ke3 gxf4+ 34.gxf4 Bd7 
35.Nd4 Re8 36.Nxc6 Bxc6 37.Kd4 Bb5 38.Bf3 Rf5 39.Be5+ Kh7 40.Bd1 1-0

[Event "12th IBM tournament"]
[Site "Amsterdam NED"]
[Date "1972.??.??"]
[Round "5"]
[White "Ree, Hans"]
[Black "Browne, Walter Shawn"]
[WhiteElo "2430"]
[BlackElo "2500"]
[Result "1/2-1/2"]
[EventDate "1972.??.??"]
[PlyCount "112"]

1.b3 e5 2.Bb2 d6 3.c4 Nf6 4.g3 Be7 5.Bg2 O-O 6.e4 b5 7.cxb5 a6 8.d4 Bb7 9.
Nc3 exd4 10.Qxd4 axb5 11.Nge2 c5 12.Qd2 b4 13.Nd5 Nxd5 14.exd5 Bg5 15.Qc2 
Re8 16.O-O Ba6 17.Rfe1 Ra7 18.Nf4 Bxf4 19.gxf4 Rae7 20.Rxe7 Qxe7 21.Bf3 
Nd7 22.a3 bxa3 23.Bc3 Bc8 24.Rxa3 Qh4 25.Ra4 Nf6 26.Qd3 Qh3 27.Be2 Qxd3 
28.Bxd3 Nxd5 29.Bd2 Bb7 30.Ra7 Bc6 31.Ra6 Ne7 32.b4 cxb4 33.Bxb4 Rd8 34.h3
g6 35.Bc3 Ra8 36.Rb6 Rc8 37.Bd2 Nd5 38.Ra6 Kf8 39.f5 Ke7 40.Be4 Kd7 41.
Bxd5 Bxd5 42.Bf4 Rc6 43.Rxc6 Kxc6 44.fxg6 fxg6 45.Kf1 Bf3 46.Ke1 d5 47.Kd2
d4 48.h4 Kd5 49.Kd3 Bg2 50.Bh6 Bf1+ 51.Kd2 Ke4 52.f4 Kf3 53.Bg5 Ke4 54.Bh6
Bh3 55.Bg5 Bf5 56.Bh6 Kf3 1/2-1/2

[Event "12th IBM tournament"]
[Site "Amsterdam NED"]
[Date "1972.??.??"]
[Round "5"]
[White "Uhlmann, Wolfgang"]
[Black "Szabo, Laszlo"]
[WhiteElo "2570"]
[BlackElo "2525"]
[Result "1-0"]
[EventDate "1972.??.??"]
[PlyCount "73"]

1.c4 Nf6 2.Nc3 c5 3.Nf3 e6 4.g3 b6 5.Bg2 Bb7 6.O-O Nc6 7.e4 Rc8 8.e5 Ng8 
9.d3 d6 10.Bf4 Nge7 11.exd6 Ng6 12.Bg5 Qxd6 13.h4 h6 14.Be3 Be7 15.h5 Nge5
16.Nxe5 Qxe5 17.Bf4 Qd4 18.Nb5 Qd7 19.Qg4 Kf8 20.Rad1 a6 21.d4 Nxd4 22.Be5
Bf6 23.Nxd4 Bxg2 24.Nb5 Qc6 25.Bxf6 gxf6 26.Na7 f5 27.Qh4 Qf3 28.Nxc8 Bxf1
29.Rxf1 Kg7 30.Nd6 Rg8 31.Qh1 Qd3 32.Qc6 Kh7 33.Nxf7 Qd4 34.Kg2 Qf6 35.Nd6
f4 36.Qf3 Qxb2 37.Qxf4 1-0

[Event "12th IBM tournament"]
[Site "Amsterdam NED"]
[Date "1972.??.??"]
[Round "6"]
[White "Malich, Burkhard"]
[Black "Ljubojevic, Ljubomir"]
[WhiteElo "2450"]
[BlackElo "2510"]
[Result "0-1"]
[EventDate "1972.??.??"]
[PlyCount "84"]

1.Nf3 g6 2.c4 Bg7 3.Nc3 d6 4.d4 Nd7 5.e4 e5 6.Be2 Nh6 7.O-O O-O 8.Rb1 c6 
9.b3 f5 10.dxe5 dxe5 11.Ba3 Re8 12.c5 Nf8 13.Nd2 b5 14.cxb6 axb6 15.Bb2 
Ne6 16.a4 Nf7 17.Nc4 Nd4 18.b4 Be6 19.Re1 Ra7 20.b5 Rd7 21.bxc6 Nxc6 22.
Nd5 fxe4 23.Ncxb6 Rxd5 24.Nxd5 Bxd5 25.Bb5 Re6 26.Rc1 Nd4 27.Bc4 Bh6 28.
Bxd5 Qxd5 29.Rc8+ Kg7 30.Ba3 Bd2 31.Bf8+ Kf6 32.Rf1 Qd7 33.Rb8 Rc6 34.Qb1 
Rc2 35.Rb6+ Kg5 36.Rb7 Qf5 37.Be7+ Kh5 38.h3 Nh6 39.Rb3 Bf4 40.Kh1 g5 41.
Ra3 e3 42.fxe3 Qxh3+ 0-1

[Event "12th IBM tournament"]
[Site "Amsterdam NED"]
[Date "1972.??.??"]
[Round "7"]
[White "Korchnoi, Viktor"]
[Black "Malich, Burkhard"]
[WhiteElo "2670"]
[BlackElo "2450"]
[Result "1/2-1/2"]
[EventDate "1972.??.??"]
[PlyCount "76"]

1.e4 e5 2.f4 exf4 3.Nf3 h6 4.Bc4 d6 5.d4 g5 6.g3 Bg7 7.O-O Bh3 8.Rf2 Nc6 
9.Bb5 Ne7 10.gxf4 gxf4 11.Bxf4 a6 12.Bxc6+ Nxc6 13.Nc3 Qd7 14.Be3 O-O-O 
15.Nh4 Rhg8 16.Kh1 Ne7 17.Rxf7 Rdf8 18.Rxf8+ Rxf8 19.Qd2 Qg4 20.Ng2 Qf3 
21.Rg1 Nc6 22.Nd1 Qxe4 23.Nf2 Qf3 24.Nxh3 Qxh3 25.Ne1 Rf1 26.c3 Ne7 27.Qg2
Rxg1+ 28.Bxg1 Qxg2+ 29.Kxg2 Kd7 30.Kf3 Ke6 31.Ng2 b5 32.Kg4 Nd5 33.Ne3 
Nf6+ 34.Kf4 c5 35.dxc5 dxc5 36.Bf2 Bf8 37.Nf5 Nd5+ 38.Ke4 Nf6+ 1/2-1/2

[Event "12th IBM tournament"]
[Site "Amsterdam NED"]
[Date "1972.??.??"]
[Round "7"]
[White "Langeweg, Christian"]
[Black "Szabo, Laszlo"]
[WhiteElo "2425"]
[BlackElo "2525"]
[Result "1-0"]
[EventDate "1972.??.??"]
[PlyCount "81"]

1.Nf3 Nf6 2.g3 d6 3.d4 Bg4 4.Bg2 Qc8 5.h3 Bd7 6.c4 Nc6 7.Nc3 e5 8.d5 Ne7 
9.c5 Ng6 10.h4 e4 11.Ng5 dxc5 12.Ncxe4 Nxe4 13.Nxe4 f5 14.Ng5 h6 15.Ne6 
Bxe6 16.dxe6 c6 17.Qb3 Bd6 18.e4 fxe4 19.Bxe4 Ne5 20.f4 c4 21.Qd1 Qxe6 22.
fxe5 Qxe5 23.Qe2 Qxg3+ 24.Kd1 O-O-O 25.Kc2 Rhe8 26.Bd2 Bf4 27.Ba5 b6 28.
Rag1 Qe3 29.Qg4+ Kb8 30.Re1 Qg3 31.Rhg1 Qxg4 32.Rxg4 g5 33.hxg5 hxg5 34.
Bxc6 Rxe1 35.Bxe1 Kc7 36.Bb5 Rd4 37.Rg2 Kd6 38.Bb4+ Kd5 39.Re2 g4 40.Bc3 
Rd3 41.Bxc4+ 1-0

[Event "12th IBM tournament"]
[Site "Amsterdam NED"]
[Date "1972.??.??"]
[Round "7"]
[White "Padevsky, Nikola"]
[Black "Donner, Jan"]
[WhiteElo "2460"]
[BlackElo "2500"]
[Result "0-1"]
[EventDate "1972.??.??"]
[PlyCount "70"]

1.e4 d6 2.d4 Nf6 3.Nc3 g6 4.f4 Bg7 5.Nf3 O-O 6.e5 Nfd7 7.Bc4 Nb6 8.Bb3 Nc6
9.Ne2 Na5 10.c3 Nxb3 11.axb3 f6 12.exf6 exf6 13.O-O Be6 14.Ng3 Qd7 15.Nh4 
f5 16.c4 a5 17.d5 Bf7 18.Qc2 a4 19.bxa4 Nxa4 20.Ra3 b5 21.b3 Nb6 22.Rxa8 
Rxa8 23.Be3 bxc4 24.bxc4 Ra3 25.Bxb6 cxb6 26.Nf3 Qc7 27.Qe2 b5 28.cxb5 
Qc5+ 29.Kh1 Re3 30.Qd2 Bc3 31.Qa2 Bxd5 32.Qa6 Bf6 33.b6 Rb3 34.Qa4 Qc6 35.
Qa5 Rxf3 0-1

[Event "12th IBM tournament"]
[Site "Amsterdam NED"]
[Date "1972.??.??"]
[Round "7"]
[White "Uhlmann, Wolfgang"]
[Black "Timman, Jan"]
[WhiteElo "2570"]
[BlackElo "2445"]
[Result "1/2-1/2"]
[EventDate "1972.??.??"]
[PlyCount "84"]

1.c4 Nf6 2.Nc3 e6 3.Nf3 Bb4 4.Qc2 O-O 5.a3 Bxc3 6.Qxc3 b6 7.g3 Bb7 8.Bg2 
d6 9.O-O Nbd7 10.b3 e5 11.Bb2 c5 12.e3 Rc8 13.Rfe1 Rc7 14.d3 Qa8 15.e4 Nh5
16.Nh4 f5 17.exf5 Bxg2 18.Nxg2 Rxf5 19.Qc2 Rf3 20.Re3 Nf8 21.Qe2 Rcf7 22.
Rxf3 Qxf3 23.Qxf3 Rxf3 24.Ne3 Ne6 25.b4 g6 26.b5 Nd4 27.a4 Rf7 28.Bxd4 
cxd4 29.Nd5 Nf6 30.Nxf6+ Rxf6 31.a5 Rf3 32.axb6 axb6 33.Ra3 e4 34.Ra8+ Kf7
35.dxe4 d3 36.Kg2 d2 37.Ra1 Rd3 38.Rd1 Ke6 39.f4 Rd4 40.Kf3 Rxc4 41.Rxd2 
Rb4 42.Rd5 Rb3+ 1/2-1/2

[Event "12th IBM tournament"]
[Site "Amsterdam NED"]
[Date "1972.??.??"]
[Round "9"]
[White "Uhlmann, Wolfgang"]
[Black "Robatsch, Karl"]
[WhiteElo "2570"]
[BlackElo "2460"]
[Result "1-0"]
[EventDate "1972.??.??"]
[PlyCount "70"]

1.c4 Nf6 2.Nc3 c5 3.Nf3 d5 4.cxd5 Nxd5 5.g3 Nc6 6.Bg2 Nc7 7.Qa4 Bd7 8.Qe4 
Ne6 9.e3 g6 10.d4 cxd4 11.exd4 Bg7 12.O-O Nexd4 13.Nxd4 Bxd4 14.Bh6 Qa5 
15.Rac1 Qf5 16.Qxf5 gxf5 17.Nb5 Be5 18.Rfe1 Bb8 19.Nd4 Nd8 20.Bh3 Nc6 21.
Nxf5 Bxf5 22.Bxf5 Bd6 23.a3 a5 24.h3 Kd8 25.Rc4 Kc7 26.Rec1 Ra6 27.Bg7 Rg8
28.Bc3 h5 29.Rh4 Rg5 30.Be4 f5 31.Bd2 Bxg3 32.fxg3 Rxg3+ 33.Kf2 Rb3 34.
Bxc6 Rxc6 35.Bxa5+ b6 1-0

[Event "12th IBM tournament"]
[Site "Amsterdam NED"]
[Date "1972.??.??"]
[Round "10"]
[White "Malich, Burkhard"]
[Black "Szabo, Laszlo"]
[WhiteElo "2450"]
[BlackElo "2525"]
[Result "1/2-1/2"]
[EventDate "1972.??.??"]
[PlyCount "34"]

1.c4 e5 2.Nc3 d6 3.Nf3 f5 4.d4 e4 5.Ng5 Be7 6.Nh3 Nf6 7.g3 c6 8.Bg2 Na6 9.
O-O Nc7 10.d5 c5 11.f3 exf3 12.exf3 O-O 13.b3 Rb8 14.a4 b6 15.Re1 a6 16.
Nf4 Re8 17.Bf1 Bf8 1/2-1/2

[Event "12th IBM tournament"]
[Site "Amsterdam NED"]
[Date "1972.??.??"]
[Round "10"]
[White "Polugaevsky, Lev"]
[Black "Langeweg, Christian"]
[WhiteElo "2640"]
[BlackElo "2425"]
[Result "1-0"]
[EventDate "1972.??.??"]
[PlyCount "99"]

1.Nf3 Nf6 2.g3 d5 3.Bg2 c6 4.b3 Bf5 5.Bb2 h6 6.d3 e6 7.O-O Be7 8.Nbd2 O-O 
9.Qe1 Bh7 10.e4 a5 11.a3 Na6 12.Qe2 Nc5 13.e5 Nfd7 14.Nd4 Qb6 15.a4 Na6 
16.Bh3 Nc7 17.Kh1 Qa6 18.f4 c5 19.N4f3 b5 20.axb5 Qxb5 21.Nb1 Qc6 22.Nc3 
Ra7 23.Bg2 Nb6 24.Na4 Nca8 25.Bc3 Qb5 26.Rfb1 Nxa4 27.Rxa4 Nb6 28.Raa1 
Rfa8 29.Qe1 Nd7 30.Bd2 Qb6 31.g4 Nb8 32.Qg3 Nc6 33.f5 Nb4 34.Ne1 Qd8 35.
Qf2 Rc7 36.c4 Bh4 37.Qe2 Bxe1 38.Bxe1 dxc4 39.Bxa8 Qxa8+ 40.Qg2 Qa7 41.
dxc4 exf5 42.Rd1 Bg6 43.Rd8+ Kh7 44.g5 h5 45.Ra8 Qb7 46.Qxb7 Rxb7 47.R1xa5
f4 48.R8a7 Rb8 49.Bxb4 cxb4 50.Kg1 1-0

[Event "12th IBM tournament"]
[Site "Amsterdam NED"]
[Date "1972.??.??"]
[Round "10"]
[White "Robatsch, Karl"]
[Black "Hartoch, Robert"]
[WhiteElo "2460"]
[BlackElo "2400"]
[Result "1-0"]
[EventDate "1972.??.??"]
[PlyCount "96"]

1.e4 g6 2.d4 Bg7 3.Nf3 d6 4.Be2 Nf6 5.Nc3 O-O 6.O-O Bg4 7.h3 Bxf3 8.Bxf3 
Nc6 9.Ne2 e5 10.d5 Ne7 11.c4 c5 12.Nc3 Ne8 13.a3 f5 14.b4 b6 15.bxc5 bxc5 
16.Rb1 Nf6 17.Rb7 fxe4 18.Nxe4 Nxe4 19.Bxe4 Nf5 20.Bxf5 gxf5 21.Qh5 f4 22.
Bd2 Qf6 23.Bc3 f3 24.g3 Rf7 25.Rfb1 Raf8 26.Qg4 Qg6 27.Qxg6 hxg6 28.Bd2 
Bf6 29.h4 Rxb7 30.Rxb7 Rf7 31.Rb3 Be7 32.Kh2 Kg7 33.Kh3 Bf6 34.Rxf3 Rb7 
35.Bh6+ Kxh6 36.Rxf6 Rb2 37.Rxd6 Rxf2 38.Rc6 e4 39.Rxc5 e3 40.Rc7 Rc2 41.
Rxa7 Rxc4 42.Re7 Rd4 43.Rxe3 Rxd5 44.a4 Ra5 45.Ra3 g5 46.Kg4 gxh4 47.Kxh4 
Kg6 48.Kg4 Kf6 1-0

[Event "12th IBM tournament"]
[Site "Amsterdam NED"]
[Date "1972.??.??"]
[Round "11"]
[White "Ljubojevic, Ljubomir"]
[Black "Polugaevsky, Lev"]
[WhiteElo "2510"]
[BlackElo "2640"]
[Result "0-1"]
[EventDate "1972.??.??"]
[PlyCount "126"]

1.e4 c5 2.Nf3 d6 3.Nc3 Nf6 4.d4 cxd4 5.Nxd4 a6 6.Bc4 e6 7.Bb3 b5 8.Be3 Be7
9.Qe2 O-O 10.O-O-O b4 11.Na4 Qa5 12.Nf3 Nbd7 13.Nd2 Bb7 14.f3 Bc6 15.Nc4 
Qc7 16.Nab6 Rab8 17.Nxd7 Bxd7 18.Qf2 Bb5 19.Nb6 Qc6 20.Kb1 Bd8 21.Qg3 Bxb6
22.Rxd6 Bc7 23.Rxc6 Bxg3 24.Rxe6 fxe6 25.Bxe6+ Kh8 26.hxg3 Rfe8 27.Bb3 a5 
28.g4 Nxe4 29.fxe4 Rxe4 30.Ba7 Rbe8 31.a4 bxa3 32.bxa3 Re1+ 33.Rxe1 Rxe1+ 
34.Kb2 Bc6 35.g3 Re4 36.g5 Rg4 37.Bb8 Rxg5 38.Kc3 a4 39.Be6 Be4 40.Bf4 Rg6
41.Bd7 Ra6 42.Bb5 Ra8 43.Kb2 g5 44.Be5+ Kg8 45.c4 Kf7 46.Kc3 Ke6 47.Kd4 
Bf3 48.c5 h5 49.Bc4+ Kd7 50.Bb5+ Bc6 51.Be2 h4 52.Bg4+ Ke7 53.gxh4 gxh4 
54.Ke3 Rd8 55.Bf5 Rd1 56.Kf4 Rg1 57.Bd6+ Kf7 58.Bg4 Rg3 59.Kg5 Rxa3 60.
Kxh4 Re3 61.Bf4 Re4 62.Kg5 a3 63.Bf3 Rxf4 0-1

[Event "12th IBM tournament"]
[Site "Amsterdam NED"]
[Date "1972.??.??"]
[Round "11"]
[White "Uhlmann, Wolfgang"]
[Black "Korchnoi, Viktor"]
[WhiteElo "2570"]
[BlackElo "2670"]
[Result "1/2-1/2"]
[EventDate "1972.??.??"]
[PlyCount "54"]

1.c4 e5 2.Nc3 Nf6 3.Nf3 Nc6 4.g3 Nd4 5.Bg2 Nxf3+ 6.Bxf3 Bb4 7.O-O O-O 8.
Qb3 Bc5 9.d3 d6 10.Na4 Nd7 11.Bg2 a5 12.Nxc5 Nxc5 13.Qc3 Qe7 14.e3 e4 15.
dxe4 Nxe4 16.Qd4 Re8 17.b3 Qe5 18.Bb2 Qxd4 19.exd4 a4 20.Rfe1 Bf5 21.g4 
Bg6 22.Re3 axb3 23.axb3 Rxa1+ 24.Bxa1 f5 25.gxf5 Bxf5 26.Bc3 Kf7 27.Be1 b6
1/2-1/2

[Event "12th IBM tournament"]
[Site "Amsterdam NED"]
[Date "1972.??.??"]
[Round "12"]
[White "Donner, Jan"]
[Black "Langeweg, Christian"]
[WhiteElo "2500"]
[BlackElo "2425"]
[Result "0-1"]
[EventDate "1972.??.??"]
[PlyCount "84"]

1.d4 Nf6 2.c4 e6 3.Nc3 Bb4 4.e3 O-O 5.Bd3 c5 6.Nf3 d5 7.O-O Nc6 8.a3 Bxc3 
9.bxc3 Qc7 10.cxd5 exd5 11.Nh4 c4 12.Bc2 Ne4 13.Qe1 Qe7 14.g3 Bh3 15.Ng2 
f5 16.f3 Nd6 17.a4 Rae8 18.Rf2 Bxg2 19.Kxg2 Rf6 20.Re2 Re6 21.Kg1 Nd8 22.
Ba3 N8f7 23.Bxf5 Rxe3 24.Rxe3 Qxe3+ 25.Qxe3 Rxe3 26.Bg4 h5 27.Bxh5 Rxc3 
28.Kg2 Kh7 29.Bxd6 Nxd6 30.Re1 Rc2+ 31.Kh3 Rb2 32.Re6 Rb6 33.Bg6+ Kg8 34.
Re5 Rc6 35.Rxd5 c3 36.Bc2 Nc4 37.Rd8+ Kf7 38.d5 Rh6+ 39.Kg4 Ne3+ 40.Kf4 
Nxc2 41.Rc8 Nb4 42.Ke4 c2 0-1

[Event "12th IBM tournament"]
[Site "Amsterdam NED"]
[Date "1972.??.??"]
[Round "12"]
[White "Malich, Burkhard"]
[Black "Browne, Walter Shawn"]
[WhiteElo "2450"]
[BlackElo "2500"]
[Result "1-0"]
[EventDate "1972.??.??"]
[PlyCount "83"]

1.d4 c5 2.d5 Nf6 3.c4 e6 4.Nc3 exd5 5.cxd5 d6 6.Nf3 g6 7.Bf4 a6 8.a4 Bg7 
9.e4 O-O 10.Nd2 Re8 11.Be2 Qc7 12.O-O Nbd7 13.h3 Ne5 14.Qc2 h6 15.Bg3 g5 
16.f4 gxf4 17.Bxf4 Qe7 18.Kh1 Ng6 19.Bh2 Nd7 20.Nd1 Nde5 21.Ra3 Rb8 22.Ne3
Bd7 23.a5 Kh8 24.Qc1 Kh7 25.Qe1 b5 26.Qf2 Qg5 27.Bg3 h5 28.h4 Qh6 29.Nf3 
Nxf3 30.Qxf3 Bxb2 31.Qxf7+ Kh8 32.Qxd7 Bxa3 33.Nf5 Qh7 34.Qxd6 Bb2 35.Qxa6
Ra8 36.Qxb5 Be5 37.Bxe5+ Rxe5 38.d6 Rxe4 39.Bf3 Ree8 40.Bxa8 Rxa8 41.Qb2+ 
Kg8 42.Qf6 1-0

[Event "12th IBM tournament"]
[Site "Amsterdam NED"]
[Date "1972.??.??"]
[Round "12"]
[White "Padevsky, Nikola"]
[Black "Uhlmann, Wolfgang"]
[WhiteElo "2460"]
[BlackElo "2570"]
[Result "0-1"]
[EventDate "1972.??.??"]
[PlyCount "62"]

1.c4 g6 2.Nc3 Bg7 3.d4 d6 4.e4 e5 5.Nge2 Nf6 6.f3 O-O 7.Be3 Nbd7 8.Qd2 c6 
9.d5 cxd5 10.cxd5 Ne8 11.Nc1 f5 12.Nb3 Nef6 13.Be2 a6 14.O-O b5 15.a3 Bb7 
16.g4 Rc8 17.h3 fxe4 18.fxe4 Rxc3 19.Qxc3 Nxe4 20.Rxf8+ Qxf8 21.Qd3 Ng3 
22.Bg5 Nxe2+ 23.Qxe2 Bxd5 24.Nd2 Nc5 25.Rf1 Qe8 26.b4 Ne6 27.Be3 Bb7 28.
Rc1 d5 29.Nb3 d4 30.Bxd4 exd4 31.Nc5 Bh6 0-1

[Event "12th IBM tournament"]
[Site "Amsterdam NED"]
[Date "1972.??.??"]
[Round "12"]
[White "Timman, Jan"]
[Black "Szabo, Laszlo"]
[WhiteElo "2445"]
[BlackElo "2525"]
[Result "1/2-1/2"]
[EventDate "1972.??.??"]
[PlyCount "34"]

1.Nf3 Nf6 2.g3 g6 3.b3 Bg7 4.Bb2 d6 5.d4 b5 6.Na3 c6 7.Bg2 O-O 8.O-O Bb7 
9.Ne1 d5 10.Nd3 Nbd7 11.c4 bxc4 12.bxc4 Ne4 13.Rc1 Qa5 14.f3 Nd6 15.Qe1 
Qa4 16.Qd1 Qa5 17.Qe1 Qa4 1/2-1/2

[Event "12th IBM tournament"]
[Site "Amsterdam NED"]
[Date "1972.??.??"]
[Round "13"]
[White "Uhlmann, Wolfgang"]
[Black "Ivkov, Borislav"]
[WhiteElo "2570"]
[BlackElo "2560"]
[Result "0-1"]
[EventDate "1972.??.??"]
[PlyCount "116"]

1.c4 g6 2.Nc3 c5 3.Nf3 Bg7 4.d4 cxd4 5.Nxd4 Nc6 6.Nc2 d6 7.e4 Nf6 8.Be2 
Nd7 9.Be3 Nc5 10.Qd2 Qa5 11.f3 Be6 12.O-O O-O 13.Rab1 Bxc3 14.bxc3 Ne5 15.
Bh6 Rfe8 16.Ne3 f6 17.Nd5 Rac8 18.Be3 b6 19.Bd4 Qa4 20.Rb4 Qd7 21.Qh6 Rf8 
22.Rbb1 Qe8 23.Qh4 Ncd7 24.Rb4 Nc6 25.Rb2 Na5 26.Rd1 Ne5 27.f4 Nexc4 28.
Rb4 b5 29.f5 Bf7 30.Qh6 Bxd5 31.exd5 a6 32.Bg4 Ne5 33.Bxe5 fxe5 34.fxg6 
Qxg6 35.Be6+ Kh8 36.Qxg6 hxg6 37.Bxc8 Rxc8 38.Rd3 Nc4 39.Kf2 Rc5 40.a4 Kg7
41.axb5 axb5 42.Rb1 Nb6 43.h4 Nxd5 44.Rb3 e4 45.Rg3 Kf6 46.Ke2 e5 47.Ra3 
e3 48.Ra6 Nf4+ 49.Kxe3 Rxc3+ 50.Kf2 Rc2+ 51.Kf1 Rc1+ 52.Kf2 Rc2+ 53.Kf1 
Ke6 54.Rg5 b4 55.Rb6 Rb2 56.Rg4 Kf5 57.Rg5+ Ke6 58.Rg4 Kd7 0-1

[Event "12th IBM tournament"]
[Site "Amsterdam NED"]
[Date "1972.??.??"]
[Round "14"]
[White "Korchnoi, Viktor"]
[Black "Ljubojevic, Ljubomir"]
[WhiteElo "2670"]
[BlackElo "2510"]
[Result "1-0"]
[EventDate "1972.??.??"]
[PlyCount "53"]

1.d4 Nf6 2.c4 e6 3.Nc3 Bb4 4.e3 c5 5.Bd3 b6 6.Nf3 Bb7 7.O-O O-O 8.Na4 cxd4
9.exd4 Bxf3 10.Qxf3 Nc6 11.Be3 d5 12.Rfd1 dxc4 13.Bxc4 Rc8 14.a3 Bd6 15.
Nc3 Bb8 16.Ba6 Qd6 17.Bxc8 Qxh2+ 18.Kf1 Rxc8 19.Rac1 Qd6 20.d5 Ne5 21.Ne4 
Rxc1 22.Nxd6 Nxf3 23.Rxc1 Bxd6 24.Rc8+ Bf8 25.dxe6 fxe6 26.gxf3 Nd5 27.Ra8
1-0

[Event "12th IBM tournament"]
[Site "Amsterdam NED"]
[Date "1972.??.??"]
[Round "14"]
[White "Malich, Burkhard"]
[Black "Timman, Jan"]
[WhiteElo "2450"]
[BlackElo "2445"]
[Result "1-0"]
[EventDate "1972.??.??"]
[PlyCount "71"]

1.c4 c5 2.Nf3 g6 3.Nc3 Bg7 4.g3 Nc6 5.Bg2 e5 6.a3 a5 7.O-O Nge7 8.Ne1 O-O 
9.Nc2 d6 10.Rb1 Be6 11.Nd5 Rb8 12.d3 b5 13.Bg5 f6 14.Bd2 bxc4 15.dxc4 f5 
16.Bc3 e4 17.Bxg7 Kxg7 18.Nce3 Nd4 19.Nf4 Bf7 20.h4 h6 21.Nc2 Qb6 22.Nxd4 
cxd4 23.b3 Qc5 24.Qc1 Rb6 25.f3 d3+ 26.Kh2 dxe2 27.Nxe2 exf3 28.Bxf3 Rfb8 
29.Qc3+ Qe5 30.Nd4 f4 31.Rfe1 Rxb3 32.Rxb3 Rxb3 33.Rxe5 Rxc3 34.Rxe7 Kf6 
35.Rd7 Rxc4 36.Rxf7+ 1-0

[Event "12th IBM tournament"]
[Site "Amsterdam NED"]
[Date "1972.??.??"]
[Round "15"]
[White "Browne, Walter Shawn"]
[Black "Robatsch, Karl"]
[WhiteElo "2500"]
[BlackElo "2460"]
[Result "1/2-1/2"]
[EventDate "1972.??.??"]
[PlyCount "67"]

1.e4 c5 2.Nf3 d6 3.d4 cxd4 4.Nxd4 Nf6 5.Nc3 Nc6 6.Be2 Nxd4 7.Qxd4 g6 8.e5 
dxe5 9.Bb5+ Bd7 10.Qxe5 Bg7 11.Bg5 Bxb5 12.Qxb5+ Qd7 13.Qxd7+ Kxd7 14.
O-O-O+ Kc6 15.Rhe1 Rhe8 16.Re3 h6 17.Bxf6 exf6 18.Red3 Re6 19.Rd7 f5 20.
Rxf7 Bxc3 21.bxc3 b6 22.Rdd7 a6 23.Rc7+ Kb5 24.c4+ Kb4 25.Kb2 Rd8 26.a3+ 
Ka5 27.Rfe7 Rxe7 28.Rxe7 Rd2 29.Re5+ b5 30.cxb5 axb5 31.Re6 g5 32.Rxh6 
Rxf2 33.g3 f4 34.g4 1/2-1/2

[Event "12th IBM tournament"]
[Site "Amsterdam NED"]
[Date "1972.??.??"]
[Round "15"]
[White "Ljubojevic, Ljubomir"]
[Black "Padevsky, Nikola"]
[WhiteElo "2510"]
[BlackElo "2460"]
[Result "1/2-1/2"]
[EventDate "1972.??.??"]
[PlyCount "48"]

1.e4 e6 2.d4 d5 3.Nc3 Nf6 4.Bd3 c5 5.exd5 cxd4 6.Nb5 Nxd5 7.Nxd4 Bb4+ 8.
Bd2 Qg5 9.Bxb4 Nxb4 10.Ngf3 Nxd3+ 11.Qxd3 Qa5+ 12.c3 Nc6 13.Nxc6 bxc6 14.
Qd6 Bb7 15.O-O-O Rd8 16.Qxd8+ Qxd8 17.Rxd8+ Kxd8 18.Ne5 Kc7 19.Nxf7 Rf8 
20.Ng5 Rxf2 21.Nxe6+ Kb6 22.g3 g6 23.h3 Bc8 24.Nd4 h5 1/2-1/2